| 000 | 01258nam a2200325 a 4500 | ||
|---|---|---|---|
| 001 | 000108699 | ||
| 003 | CHAP | ||
| 005 | 20220329144021.0 | ||
| 008 | 140305s2012 mx sm |||||||spa d | ||
| 010 | _a105161 | ||
| 011 | _a106133 | ||
| 040 | _cCHAP | ||
| 090 | _aTesis | ||
| 100 | 1 |
_aGonzález de Jesús, Hugo _9125747 |
|
| 245 | 1 | 0 |
_aQuímicos y biológicos para el control de la pudrición blanca sclerotium cepivorum berk, en el cultivo de cebolla en Cojumatlán, Michoacán, México _h[En línea] _cpor Hugo Gonzáles de Jesús. |
| 260 |
_aChapingo, Méx. : _bEl autor, _c2012. |
||
| 500 | _aPara ver el contenido del material haga clic en la liga | ||
| 502 | _aTesis (Ing. Agr. Esp. en Parasitología Agrícola) -- UACH. Parasitología agrícola | ||
| 590 |
_aBATCH-UPD _b05 _c20140324 _lUCH01 _h1536 |
||
| 590 |
_aBATCH-UPD _b05 _c20141002 _lUCH01 _h0857 |
||
| 590 |
_aE5765TAJ _b05 _c20140305 _lUCH01 _h0955 |
||
| 590 |
_aE5765TAJ _b05 _c20140305 _lUCH01 _h0956 |
||
| 650 | 1 | 4 |
_aCebolla _xEnfermedades por hongos. _920767 |
| 650 | 1 | 4 |
_aCebolla _xMichoacán. _920787 |
| 650 | 1 | 4 |
_aControl biológico de hongos. _927580 |
| 856 |
_aFinding aid _uhttp://10.13.5.2/tesis/sist108699.pdf _zTeclea aquí |
||
| 901 | _aBK | ||
| 942 | _cTESIS | ||
| 942 | _n0 | ||
| 999 |
_c105161 _d105161 |
||